| 000 | 00979cam a2200157 4500500 | ||
|---|---|---|---|
| 005 | 20260208005115.0 | ||
| 041 | _afre | ||
| 042 | _adc | ||
| 100 | 1 | 0 |
_aFavard, Florent _eauthor |
| 245 | 0 | 0 | _aMapping Macroscopic Plots in Narratively Complex Television Series |
| 260 | _c2018. | ||
| 500 | _a99 | ||
| 520 | _aThis essay focuses on the reception of antebellum slave narratives. While recognizing that slave narratives were predominantly directed toward a white middle-class northern audience, I argue that their intended and actual readership included other groups such as Southerners, African Americans, and children. Drawing on a variety of primary sources I study some of the ways these groups may have read and understood the narratives. | ||
| 786 | 0 | _nRevue française d’études américaines | 151 | 2 | 2018-01-11 | p. 72-85 | 0397-7870 | |
| 856 | 4 | 1 | _uhttps://shs.cairn.info/journal-revue-francaise-d-etudes-americaines-2017-2-page-72?lang=en&redirect-ssocas=7080 |
| 999 |
_c1650617 _d1650617 |
||